000 00714cam a2200217 a 4500
001 000018355
005 20260305073955.0
008 821210s1975 ve a 000 0 spa d
040 _aDO-SdBNP
_bspa
_cLC
_dBNPHU
050 0 0 _aF2235.3
_b.G835
082 _ann*
_bG752p, 1975
245 0 _aGrandes páginas bolivarianas /
_cprólogo, selección y notas Jose Manuel Castañon.
250 _a2a ed.
260 _aCaracas :
_bCasuz,
_c1975.
300 _a360 p. :
_bil. ;
_c23 cm.
600 1 0 _aBolívar, Simón,
_d1783-1830
_9253
651 0 _aSouth America
_xHistory
_yWars of Independence, 1806-1830.
_923538
700 1 _aCastañon, Jose Manuel,
_epról.
_939754
910 _aCatalogación derivada
049 _aBNGR
999 _c17876
_d17876